书目信息 |
| 题名: |
建筑细部设计CAD精选图集
|
|
| 作者: | ;筑龙网 组编 | |
| 分册: | ||
| 出版信息: | 北京 机械工业出版社 2007.09 |
|
| 页数: | 477页 | |
| 开本: | 29cm | |
| 丛书名: | 精选CAD图集系列 | |
| 单 册: | ||
| 中图分类: | TU201.4-64 | |
| 科图分类: | ||
| 主题词: | 建筑设计--jian zhu she ji--计算机辅助设计--图集 | |
| 电子资源: | ||
| ISBN: | 978-7-111-20617-0 | |
| 000 | 00952nam 2200265 450 | |
| 001 | 191000009428 | |
| 005 | 20080918102004.15 | |
| 010 | @a978-7-111-20617-0@dCNY68.00 (含光盘) | |
| 010 | @a978-7-89482-059-4@b光盘 | |
| 100 | @a20080101d2007 em y0chiy0121 ea | |
| 101 | 0 | @achi |
| 102 | @aCN@b110000 | |
| 105 | @ay z 000yy | |
| 200 | 1 | @a建筑细部设计CAD精选图集@Ajian zhu xi bu she ji CAD jing xuan tu ji@f筑龙网组编 |
| 210 | @a北京@c机械工业出版社@d2007.09 | |
| 215 | @a477页@d29cm@e1光盘 | |
| 225 | 2 | @a精选CAD图集系列@Ajing xuan CAD tu ji xi lie |
| 330 | @a本图集通过对百余个建筑细部节点详图的展示,较系统、全面地诠释了运用在建筑设计中屋面、楼梯、门窗、墙体等相关建筑细部的设计特点。 | |
| 410 | 0 | @12001 @a精选CAD图集系列 |
| 606 | 0 | @a建筑设计@Ajian zhu she ji@x计算机辅助设计@j图集 |
| 690 | @aTU201.4-64@v4 | |
| 711 | 02 | @a筑龙网@Azhu long wang@4组编 |
| 801 | 0 | @aCN@bLR@c20080918 |
| 905 | @aZUCC@dTU201.4-64@eZ920 | |
| 999 | @atjy | |
| 建筑细部设计CAD精选图集/筑龙网组编.-北京:机械工业出版社,2007.09 |
| 477页;29cm+1光盘.-(精选CAD图集系列) |
| ISBN 978-7-111-20617-0:CNY68.00 (含光盘) |
| 本图集通过对百余个建筑细部节点详图的展示,较系统、全面地诠释了运用在建筑设计中屋面、楼梯、门窗、墙体等相关建筑细部的设计特点。 |
| ● |
| 相关链接 |
|
|
|
正题名:建筑细部设计CAD精选图集
索取号:TU201.4-64/Z920
 
预约/预借
| 序号 | 登录号 | 条形码 | 馆藏地/架位号 | 状态 | 备注 |
| 1 | 678158 | 206781589 | 建筑库101/101建筑库 37排3列2层/ [索取号:TU201.4-64/Z920] | 在馆 | |
| 2 | 678159 | 206781598 | 建筑库101/101建筑库 37排2列5层/ [索取号:TU201.4-64/Z920] | 在馆 | |
| 3 | 678160 | 206781605 | 建筑库101/ [索取号:TU201.4-64/Z920] | 在馆 |